Romancero e historia del Rey de España Don Rodrigo, postrero de los Godos (Record no. 163904)

MARC details
000 -LEADER
campo de control de longitud fija 00642nam a2200181 i 4500
001 - NÚMERO DE CONTROL
campo de control 163904
003 - IDENTIFICADOR DE NÚMERO DE CONTROL
campo de control ES-MaACL
005 - FECHA Y HORA DE LA ÚLTIMA TRANSACCIÓN
campo de control 20250904002150.0
008 - DATOS DE LONGITUD FIJA--INFORMACIÓN GENERAL
campo de control de longitud fija 000104s1821 fr |||| | spa d
040 ## - FUENTE DE CATALOGACIÓN
Centro catalogador/agencia de origen CCPB | B
Lengua de catalogación spa
Centro/agencia transcriptor CCPB | B
245 00 - MENCIÓN DEL TÍTULO
Título Romancero e historia del Rey de España Don Rodrigo, postrero de los Godos
Resto del título : en lenguaje antiguo /
Mención de responsabilidad, etc. recopilado por Abel Hugo.
260 ## - PUBLICACIÓN, DISTRIBUCIÓN, ETC.
Lugar de publicación, distribución, etc. Paris :
Nombre del editor, distribuidor, etc. [s.n.],
Fecha de publicación, distribución, etc. 1821 (
Fabricante Anthe. Boucher)
300 ## - DESCRIPCIÓN FÍSICA
Extensión 96 p. ;
Dimensiones 18 cm.
600 14 - PUNTO DE ACCESO ADICIONAL DE MATERIA--NOMBRE DE PERSONA
Nombre de persona Rodrigo
Títulos y otros términos asociados al nombre Rey de los Visigodos.
9 (RLIN) 156818
700 1# - ENTRADA AGREGADA--NOMBRE PERSONAL
Nombre de persona Hugo, Abel,
Fechas asociadas al nombre 1798-1855
9 (RLIN) 128079
852 ## - LOCALIZACIÓN
Ubicación ES-MaACL
Número de control de estantería D-2415
Nota libre -- Enc. hol.
Holdings
Estatus retirado Estado de pérdida Estado de daño No para préstamo Colección Biblioteca de origen Biblioteca actual Ubicación en estantería Fecha de adquisición Fuente de adquisición Total de préstamos Signatura topográfica completa Código de barras Visto por última vez Precio de reemplazo Tipo de ítem Koha
        Libros del s. XIX Biblioteca del Ateneo de Madrid Biblioteca del Ateneo de Madrid Sala Valle Inclán 17/01/2008     D-2415 901171775 23/02/2023 23/02/2023 Libro impreso antiguo